Fault Tolerant and Fault Testable Hardware Design /

Salvato in:
Dettagli Bibliografici
Autore principale: Lala, Parag K. (Autore)
Natura: Libro
Lingua:inglese
Pubblicazione: London Prentice-Hall International, Inc. 1985
Tags: Aggiungi Tag
Nessun Tag, puoi essere il primo ad aggiungerne!!

MARC

LEADER 00000nam a22000003a 4500
001 0094511
003 SK-STU
005 20220316111233.6
007 ta
008 220316s ----xo-----e------000-0-----d
020 |z 0-13-308248-2 
040 |a STU  |b slo 
041 0 |a eng 
044 |a xxk 
100 1 |a Lala, Parag K.  |4 aut 
245 1 0 |a Fault Tolerant and Fault Testable Hardware Design /  |c aut. Parag K Lala 
260 |a London  |b Prentice-Hall International, Inc.  |c 1985 
300 |a 263 s. 
996 |c I*7PS3150  |l I  |s A  |a 24  |w 0094511_0001